|
|
|
|
| LEADER |
00568cam a2200181 7i4500 |
| 001 |
0000029120 |
| 005 |
20131126090000.0 |
| 020 |
0 |
0 |
|a 9789839931471
|
| 090 |
0 |
0 |
|a DE 729.609595
|b IMR
|
| 100 |
1 |
0 |
|a Imran Zainal Abidin
|
| 245 |
1 |
0 |
|a Malaysian wood :
|b timeless living.
|
| 260 |
0 |
0 |
|a Kuala Lumpur:
|b Malaysian Timber Council,
|c 2007.
|
| 300 |
# |
# |
|a 194 p.
|
| 650 |
0 |
0 |
|a Architecture --
|z Malaysia
|
| 650 |
0 |
0 |
|a Architectural design --
|z Malaysia
|
| 650 |
0 |
0 |
|a Building --
|x Design --
|z Malaysia
|
| 651 |
0 |
0 |
|a Malaysia
|
| 999 |
|
|
|a B000032612
|b Book
|c Designs
|e Business Information Centre
|